Sports Quiz

Random Sports Quiz

Universidad Catolica Recent XIs (2005-2016) Quiz Stats

Quiz not verified by Sporcle

Challenge
Share
Tweet
Embed
Score 0/253 Timer 20:00
0 Plays Today
Hint Answer % Correct
2005-ACristián Álvarez
100%
2007-ACristián Álvarez
100%
2009-AChristopher Toselli
100%
2011-AChristopher Toselli
100%
2011-CChristopher Toselli
100%
2012-AChristopher Toselli
100%
2012-ACristián Álvarez
100%
2012-CChristopher Toselli
100%
2013-TChristopher Toselli
100%
2013-TCristián Álvarez
100%
2013/14-AChristopher Toselli
100%
2013/14-ACristián Álvarez
100%
2013/14-CChristopher Toselli
100%
2013/14-CCristián Álvarez
100%
2014/15-ACristián Álvarez
100%
2014/15-CCristián Álvarez
100%
2015/16-AChristopher Toselli
100%
2015/16-CChristopher Toselli
100%
2016/17-AChristopher Toselli
100%
2012-ANicolás Castillo
97.1%
2013/14-ANicolás Castillo
97.1%
2015/16-CNicolás Castillo
97.1%
2016/17-ANicolás Castillo
97.1%
2005-AJosé María Buljubasich
94.1%
2005-CJosé María Buljubasich
94.1%
2005-CJosé Pedro Fuenzalida
94.1%
2005-CEros Pérez
94.1%
2006-AJosé María Buljubasich
94.1%
2006-AEros Pérez
94.1%
2006-CJosé Pedro Fuenzalida
94.1%
2006-CEros Pérez
94.1%
2007-AJosé María Buljubasich
94.1%
2007-AEros Pérez
94.1%
2007-ARoberto Gutiérrez
94.1%
2007-CJosé María Buljubasich
94.1%
2007-CJulio Gutiérrez
94.1%
2008-AJosé María Buljubasich
94.1%
2008-ARoberto Gutiérrez
94.1%
2008-CJosé María Buljubasich
94.1%
2008-CJulio Gutiérrez
94.1%
2009-CPaulo Garcés
94.1%
2009-CRoberto Gutiérrez
94.1%
2010Paulo Garcés
94.1%
2010Roberto Gutiérrez
94.1%
2011-AFelipe Gutiérrez
94.1%
2011-ARoberto Gutiérrez
94.1%
2011-CFelipe Gutiérrez
94.1%
2012-AFelipe Gutiérrez
94.1%
2012-CMatías Omar Pérez
94.1%
2014/15-CRoberto Gutiérrez
94.1%
2015/16-CJosé Pedro Fuenzalida
94.1%
2016/17-AJosé Pedro Fuenzalida
94.1%
2007-AGary Medel
91.2%
2008-AGary Medel
91.2%
2008-CGary Medel
91.2%
2008-CMilovan Mirosevic
91.2%
2009-AMilovan Mirosevic
91.2%
2009-CMilovan Mirosevic
91.2%
2010Milovan Mirosevic
91.2%
2013/14-AMilovan Mirosevic
91.2%
2013/14-CMilovan Mirosevic
91.2%
2015/16-AMarco Medel
91.2%
2006-CMarcos González
88.2%
2008-AMarcos González
88.2%
2009-AFrancisco Silva
88.2%
2009-CMarcos González
88.2%
2010Marcos González
88.2%
2010Francisco Silva
88.2%
2011-AFrancisco Silva
88.2%
2011-CFrancisco Silva
88.2%
2012-AFrancisco Silva
88.2%
2012-CFrancisco Silva
88.2%
2014/15-AMark González
88.2%
2014/15-CMark González
88.2%
2016/17-ADiego Buonanotte
88.2%
2005-AJorge Ormeño
85.3%
2005-CJorge Ormeño
85.3%
2006-AJorge Ormeño
85.3%
2006-CJorge Ormeño
85.3%
2007-AJorge Ormeño
85.3%
2007-CRodrigo Valenzuela
85.3%
2007-CJorge Ormeño
85.3%
2008-ADarío Botinelli
85.3%
2008-CRodrigo Valenzuela
85.3%
2008-CJorge Ormeño
85.3%
Hint Answer % Correct
2009-ARodrigo Valenzuela
85.3%
2009-AJorge Ormeño
85.3%
2009-CRodrigo Valenzuela
85.3%
2009-CJorge Ormeño
85.3%
2010Rodrigo Valenzuela
85.3%
2010Jorge Ormeño
85.3%
2012-CFernando Cordero
85.3%
2013-TFernando Cordero
85.3%
2013/14-AFernando Cordero
85.3%
2013/14-CJonathan Botinelli
85.3%
2013/14-CFernando Cordero
85.3%
2013/14-CDarío Botinelli
85.3%
2014/15-AFernando Cordero
85.3%
2014/15-ADarío Botinelli
85.3%
2014/15-CFernando Cordero
85.3%
2014/15-CDarío Botinelli
85.3%
2015/16-AFernando Cordero
85.3%
2015/16-CFernando Cordero
85.3%
2016/17-AEnzo Kalinski
85.3%
2011-ATomás Costa
82.4%
2011-CStefano Magnasco
82.4%
2012-AStefano Magnasco
82.4%
2012-CTomás Costa
82.4%
2013-TTomás Costa
82.4%
2013/14-ATomás Costa
82.4%
2013/14-CTomás Costa
82.4%
2015/16-AStefano Magnasco
82.4%
2015/16-AGuillermo Maripán
82.4%
2015/16-AGermán Lanaro
82.4%
2015/16-ACésar Fuentes
82.4%
2015/16-CStefano Magnasco
82.4%
2015/16-CGuillermo Maripán
82.4%
2015/16-CGermán Lanaro
82.4%
2015/16-CCésar Fuentes
82.4%
2016/17-AGuillermo Maripán
82.4%
2016/17-AGermán Lanaro
82.4%
2016/17-ACésar Fuentes
82.4%
2016/17-ARicardo Noir
82.4%
2006-ALuis Núñez
79.4%
2006-CLuis Núñez
79.4%
2007-ALuis Núñez
79.4%
2008-ALuis Núñez
79.4%
2008-CLuis Núñez
79.4%
2009-ALuis Núñez
79.4%
2009-CDamián Díaz
79.4%
2011-AAlfonso Parot
79.4%
2013/14-AAlfonso Parot
79.4%
2014/15-AFranco Costanzo
79.4%
2014/15-AAlfonso Parot
79.4%
2014/15-CFranco Costanzo
79.4%
2016/17-AAlfonso Parot
79.4%
2005-ADarío Conca
76.5%
2005-AJorge Quinteros
76.5%
2005-CDarío Conca
76.5%
2005-CLuis Ignacio Quinteros
76.5%
2005-CJorge Quinteros
76.5%
2006-ADarío Conca
76.5%
2006-AJorge Quinteros
76.5%
2009-AHans Martínez
76.5%
2009-CHans Martínez
76.5%
2010Lucas Pratto
76.5%
2011-AHans Martínez
76.5%
2011-ALucas Pratto
76.5%
2011-CHans Martínez
76.5%
2012-CHans Martínez
76.5%
2013-THans Martínez
76.5%
2014/15-ADavid Llanos
76.5%
2014/15-CDavid Llanos
76.5%
2015/16-ADavid Llanos
76.5%
2015/16-CCarlos Espinosa
76.5%
2005-AJosé Luis Villanueva
73.5%
2010Fernando Meneses
73.5%
2011-AFernando Meneses
73.5%
2011-CFernando Meneses
73.5%
2012-AEnzo Roco
73.5%
2012-CEnzo Roco
73.5%
2013-TEnzo Roco
73.5%
2013-TFernando Meneses
73.5%
2013-TCarlos Villanueva
73.5%
2013/14-AEnzo Roco
73.5%
2013/14-CEnzo Roco
73.5%
2005-AJorge Acuña
70.6%
2009-CDavid Henríquez
70.6%
2010David Henríquez
70.6%
2015/16-CJaime Carreño
70.6%
Hint Answer % Correct
2015/16-ADiego Rojas
67.6%
2005-AFrancisco Arrué
64.7%
2005-CFrancisco Arrué
64.7%
2006-AFrancisco Arrué
64.7%
2006-CFrancisco Arrué
64.7%
2010Juan Eluchans
64.7%
2011-AJuan Eluchans
64.7%
2005-AMauricio Zenteno
61.8%
2005-CMauricio Zenteno
61.8%
2009-AMauricio Zenteno
61.8%
2009-CJuan José Morales
61.8%
2016/17-ASebastián Jaime
61.8%
2006-AFacundo Imboden
58.8%
2006-CRainer Wirth
58.8%
2006-CClaudio Muñoz
58.8%
2007-AClaudio Muñoz
58.8%
2007-CFacundo Imboden
58.8%
2007-CClaudio Muñoz
58.8%
2007-CRodrigo Toloza
58.8%
2008-AFacundo Imboden
58.8%
2008-ARodrigo Toloza
58.8%
2008-CFacundo Imboden
58.8%
2008-CRodrigo Toloza
58.8%
2009-AFacundo Imboden
58.8%
2009-CRodrigo Toloza
58.8%
2012-AMichael Ríos
58.8%
2012-CMichael Ríos
58.8%
2013-TIsmael Sosa
58.8%
2013/14-AMichael Ríos
58.8%
2013/14-AJosé Luis Muñoz
58.8%
2013/14-AIsmael Sosa
58.8%
2013/14-CJosé Luis Muñoz
58.8%
2014/15-AJosé Luis Muñoz
58.8%
2014/15-CMichael Ríos
58.8%
2014/15-CJosé Luis Muñoz
58.8%
2015/16-AMichael Ríos
58.8%
2015/16-CJeisson Vargas
58.8%
2005-ARafael Olarra
55.9%
2007-AEsteban Fuertes
55.9%
2007-CEsteban Fuertes
55.9%
2011-CCésar Carignano
55.9%
2005-CIván Vásquez
52.9%
2006-AEduardo Rubio
52.9%
2006-CEduardo Rubio
52.9%
2007-AAlbert Acevedo
52.9%
2007-APatricio Ormazábal
52.9%
2007-CPatricio Ormazábal
52.9%
2007-CHéctor Tapia
52.9%
2008-AIván Vásquez
52.9%
2008-AHéctor Tapia
52.9%
2008-CAlbert Acevedo
52.9%
2008-CIván Vásquez
52.9%
2012-CÁlvaro Ramos
52.9%
2013/14-CÁlvaro Ramos
52.9%
2014/15-AÁlvaro Ramos
52.9%
2006-AAlejandro Osorio
50%
2011-CMarko Biskupovic
50%
2014/15-CWalter Ibáñez
50%
2012-ANicolás Trecco
47.1%
2012-CNicolás Trecco
47.1%
2013-TCarlos Bueno
47.1%
2005-AJaime Rubilar
44.1%
2005-CJaime Rubilar
44.1%
2006-AJaime Rubilar
44.1%
2006-CJuan Manuel Aróstegui
44.1%
2011-APablo Calandria
44.1%
2011-CMatías Mier
44.1%
2009-AJeremías Caggiano
38.2%
2013/14-CClaudio Sepúlveda
38.2%
2015/16-AChristian Bravo
38.2%
2006-CJonathan Fabbro
35.3%
2008-AAilton Da Silva
35.3%
2009-AJaison Ibarrola
35.3%
2011-CKevin Harbottle
35.3%
2012-AKevin Harbottle
35.3%
2014/15-AMatías Cahais
35.3%
2014/15-AErick Pulgar
35.3%
2014/15-CErick Pulgar
35.3%
2011-CRoberto Cereceda
32.4%
2012-CSixto Peralta
32.4%
2013-TSixto Peralta
32.4%
2012-AMatías Campos Toro
26.5%
2007-CSebastián Miranda
14.7%

You're not logged in!

Compare scores with friends on all Sporcle quizzes.
Join for Free
OR
Log In

You Might Also Like...

Show Comments

Extras

Created Apr 6, 2017ReportNominate
Tags:appearance, player, recent, XIs

Top Quizzes Today


Score Distribution

Your Account Isn't Verified!

In order to create a playlist on Sporcle, you need to verify the email address you used during registration. Go to your Sporcle Settings to finish the process.

Report this User

Report this user for behavior that violates our Community Guidelines.

Details: